000 00604nam a2200241 a 4500
001 nice12345678
003 IN_TiNIC
005 20260116011629.0
008 050524s1960 lona grp 000 0 eng
020 _a
_c244.8
082 0 0 _a259
_bWAN
100 _aWand, J W C
245 _aChurch Today
_b Brief Description of the Christian Church in Its External Var
260 _aLondon
_bPenguin Book
_c1960
300 _a192p
500 _aincludes index and biblioraphy
505 2 _aIndex
650 _aChurch-Work
700 1 _aWand, J W C
902 _bSRS
942 _cBK
999 _c2993
_d2993